Najjaśniejsze obiekty na niebie - Statystyki

Ogólne statystyki
  • Ten quiz został rozwiązany 39 razy
  • Średni wynik to 11 z 22
Statystyki odpowiedzi
Jasność
wizualna
Obiekt % Poprawnych
-26.7 Słońce
100%
-2.94 Jowisz
94%
-12.7 Księżyc
94%
-4.9 Wenus
94%
-3.0 Mars
91%
-0.24 Saturn
91%
-2.6 Merkury
88%
-1.46 Syriusz
82%
0.2 Betelgeza
58%
-0.27 Alfa Centauri
42%
0.75 Aldebaran
36%
0.05 Rigel
36%
-0.02 Wega
30%
-0.05 Arktur
27%
-4 Międzynarodowa Stacja Kosmiczna
27%
0.03 Kapella
21%
0.61 Hadar
18%
0.34 Procjon
18%
0.76 Acrux
15%
0.76 Altair
15%
-0.74 Kanopus
12%
0.40 Achernar
6%
Nie znaleziono quizów pasujących do podanych kryteriów
Rozkład punktacji
Procent ludzi z każdym wynikiem
Percentyl według liczby udzielonych odpowiedzi
Twoja historia wyników
Nie rozwiązałeś tego quizu